000 00726nam a2200289Ia 4500
005 20260324150835.0
008 008 260324s9999 xx 000 0 eng d
020 _a9780203843505
037 _aEBOOK
040 _aCRL
040 _beng
040 _cCRL
041 _2eng
041 _aeng
084 _qCRL
100 _aWilfrid Whitehouse; Wilfrid Whitehouse
_91227802
245 0 _aOchikubo Monogatari or The Tale of the Lady Ochikubo
245 2 _bA Tenth Century Japanese Novel
260 _bTaylor and Francis
260 _c1934
365 _a
365 _b240
856 _uhttp://www.taylorfrancis.com/books/9780203843505
942 _cEBOOK
999 _c1837959
_d1837959